000 01088nam a22003017a 4500
001 BD-DhSAU 8849
003 BD-DhSAU
005 20181212100945.0
008 150420b2017 bg ||||| m||| 00| 0 eng d
040 _aBD-DhSAU
082 _222
_a635
_bAk79
100 _eRegistration # 11-04346
_aAkter , Mousumi
245 _aEffect of Manures and Mulches on the growth and yield of Onion /
_bMS thesis
_cAkter , Mousumi
260 _aSher-e-Bangla Agricultural University :
_bDepartment of Horticulture,
_c2017
300 _aix,76 p. :
_c30 cm.
_bill. ;
500 _aMS thesis of Department of Horticulture, Faculty of Agriculture, Sher-e-Bangla Agricultural University, Dhaka
504 _aIncludes bibliographical reference.
590 _aShofi
650 _aHorticulture
650 _aEffect
650 _aManures
650 _aMulches
650 _aOnion
700 _aKhatun , Khaleda
_eSuperviser
700 _a Mostarin , Tahmina
_eCo-superviser
856 _uhttp://archive.saulibrary.edu.bd:8080/xmlui/handle/123456789/107
_yOnline Access
942 _2ddc
_cTHESIS
999 _c14400
_d14399